Nuevas identidades culturales en México /
Guardado en:
| Autor principal: | |
|---|---|
| Formato: | Desconocido |
| Lenguaje: | Spanish |
| Publicado: |
México :
Consejo Nacional para la Cultura y las Artes,
1993.
|
| Edición: | 1 edición |
| Colección: | (Pensar)
|
| Materias: | |
| Etiquetas: |
Agregar Etiqueta
Sin Etiquetas, Sea el primero en etiquetar este registro!
|
MARC
| LEADER | 000000000a22000000004500 | ||
|---|---|---|---|
| 001 | 008760 | ||
| 020 | |a 9682950031 | ||
| 041 | 0 | |a spa | |
| 082 | 0 | 4 | |a 917.2 |b N964n |
| 100 | 1 | |a Bonfil Bonilla, Guillermo | |
| 245 | 1 | 0 | |a Nuevas identidades culturales en México / |c Guillermo Bonfil Bonilla. |
| 250 | |a 1 edición | ||
| 260 | 1 | |a México : |b Consejo Nacional para la Cultura y las Artes, |c 1993. | |
| 300 | |a 225 páginas : |b ilustraciones | ||
| 490 | 1 | |a (Pensar) | |
| 505 | |a Contenido: Nuevos perfiles de nuestra cultura / Guillermo Bonfil Batalla -- Cambios de identidad y cambios de profesión religiosa / Gilberto Giménez -- La identidad de los espiritualistas trinitarios marianos / Silvia Oriz Echádiz -- En busca de la mexicanidad / Lina Odena Güemes -- La identidad entre fronteras / Maya Lorena Pérez Ruiz -- Mi barrio es mi cantón. Identidad, acción social y juventud / José Manuel Valenzuela Arce -- Variaciones de la identidad nacional. Un estudio empírico de la identidad y el caráter en seis regiones de la nación mexicana / Héctor M. Cappello G. | ||
| 650 | 4 | |a CARACTERISTICAS NACIONALES MEXICANAS | |
| 650 | 4 | |a PLURALISMO CULTURAL | |
| 650 | 4 | |a GRUPO DE IDENTIDAD | |
| 999 | |c 14280 |d 14280 | ||
| 942 | |c BK |h 917.2 N964n |2 z | ||



